000 00446nmm a2200145Ia 4500
008 251105s9999||||xx |||||||||||||||||und||
041 _aspa
100 _aCosta Fernández, Lluís
245 0 _aLa comunicación local
264 _a[Madrid, España] :
_bUniversitat Oberta de Catalunya,
_c2015
300 _a102 páginas
650 _aMedia Studies (Journ., TV, etc)
856 _uhttps://public.digitaliapublishing.com/a/43967
942 _cCF
999 _c105755
_d105755